Markov set-chains

Αποθηκεύτηκε σε:
Λεπτομέρειες βιβλιογραφικής εγγραφής
Κύριος συγγραφέας: Hartfiel, D. J.
Μορφή: Βιβλίο
Γλώσσα:English
Δημοσίευση: Berlin ; Heidelberg : Springer, c1998
Σειρά:Lecture notes in mathematics (Springer-Verlag) ; 1695
Θέματα:
Ετικέτες: Προσθήκη ετικέτας
Δεν υπάρχουν, Καταχωρήστε ετικέτα πρώτοι!

MARC

LEADER 00000nam a2200000 i 4500
001 1/104079
008 000306s1998 eng d
020 |a 3540647759 
035 |l 10058710 
040 |a GR-MY-UA  |b gre  |e aacr 
041 0 |a eng 
082 0 |a 519.233 
100 1 |a Hartfiel, D. J. 
245 1 0 |a Markov set-chains /  |c Darald J. Hartfiel 
260 |a Berlin ; Heidelberg :   |b Springer,   |c c1998 
300 |a viii, 130 p.;  |b ill.;  |c 24 cm. 
490 1 |a Lecture notes in mathematics (Springer-Verlag)  |v ; 1695 
504 |a Includes bibliographical references and index 
650 0 0 |a Markov processes. 
650 0 0 |a Stochastic matrices. 
830 0 |a Lecture notes in mathematics (Springer-Verlag)  |v ; 1695 
852 |a INST  |b SAMOS  |e 20000306  |h 519.233 HAR  |p 005300017118  |q 005300017118  |t BK  |y 0 
901 |a BIBL3-2000-1 
909 |a Σ  |b 067234 
922 |a 3ΕΛΗ  |b 199909  |c ΕΠΕΑΕΚ/ΜΑΘ  |d ΠΑΠΑΣΩΤΗΡΙΟΥ 
970 |a ΓΕΝΟΥΖΟΥ  |b ΧΡΥΣΑΝΘΗ  |z 2000/03/06